Statistics for Good News - Julien Baker (Lyrics)

Click here to take the quiz!

General Stats

  • This quiz has been taken 9 times
  • The average score is 102 of 169

Answer Stats

Answer% Correct
be
100%
could
100%
go
100%
good
100%
hair
100%
I
100%
long
100%
news
100%
thin
100%
think
100%
you
100%
Your
100%
a
80%
about
80%
ever
80%
every
80%
everything
80%
is
80%
it
80%
Like
80%
like
80%
mouth
80%
My
80%
my
80%
public
80%
shouldn't
80%
To
80%
to
80%
voice
80%
what
80%
when
80%
When
80%
wound
80%
act
60%
all
60%
And
60%
and
60%
but
60%
But
60%
damn
60%
friends
60%
I'm
60%
important
60%
in
60%
In
60%
It's
60%
it's
60%
know
60%
make
60%
Me
60%
me
60%
myself
60%
not
60%
of
60%
out
60%
ruin
60%
short
60%
so
60%
sutures
60%
teeth
60%
this
60%
throw
60%
up
60%
walk
60%
way
60%
worry
60%
at
40%
grind
40%
hard
40%
How
40%
less
40%
more
40%
night
40%
only
40%
same
40%
screaming
40%
stay
40%
the
40%
air
20%
Always
20%
arms
20%
Because
20%
biggest
20%
blank
20%
blue
20%
chairs
20%
circling
20%
clean
20%
creak
20%
dining
20%
drain
20%
easy
20%
ends
20%
fear
20%
heavy
20%
keep
20%
nose
20%
Or
20%
really
20%
ribs
20%
scared
20%
see
20%
sink
20%
situation
20%
slow
20%
stare
20%
tap
20%
that
20%
trying
20%
watch
20%
water
20%
With
20%
wooden
20%

Score Distribution

Percentile by Number Answered

Percent of People with Each Score

Your Score History

You have not taken this quiz